Uncompromising integrity : (Record no. 8381)

MARC details
000 -LEADER
fixed length control field 00926cam a2200229 a 4500
020 ## - INTERNATIONAL STANDARD BOOK NUMBER
ISBN 9781569460252
020 ## - INTERNATIONAL STANDARD BOOK NUMBER
ISBN 1569460256
020 ## - INTERNATIONAL STANDARD BOOK NUMBER
ISBN 1569460264
050 #4 - CALL NUMBER
Classification number HF5387
Item number .Un1
245 00 - TITLE
Title Uncompromising integrity :
Remainder of title Motorola's global challenge /
Statement of responsibility, etc RS Moorthy ... [et al.] ; forward by Robert W. Galvin ; afterword by Glenn A. Gienko.
260 ## - PUBLICATION INFORMATION
Place of publication Schaumberg, IL :
Name of publisher Motorola University Press,
Year of publication 1998.
300 ## - DESCRIPTION
Number of Pages 245 p. ;
Dimensions 24 cm.
500 ## - NOTES
General note "Global Leadership and Organizational Development, Motorola."
505 ## - FORMATTED CONTENTS NOTE
Table of Content I. Introduction<br/>2. Approaches from the cultural sciences<br/>3. Approaches from the field of ethics<br/>4. Twenty- four cases with commentaries<br/>5. Key c0onclusions
650 #0 - SUBJECTS
Topical Term Business ethics.
650 #0 - SUBJECTS
Topical Term Corporate culture.
650 #0 - SUBJECTS
Topical Term International business enterprises.
650 #0 - SUBJECTS
Topical Term Corporations, American.
700 1# - OTHER AUTHORS
Personal name Moorthy, R. S.
700 1# - OTHER AUTHORS
Personal name Galvin, Robert W.
942 ## - ADDED ENTRY ELEMENTS (KOHA)
Koha item type Books
Holdings
Withdrawn status Lost status Collection code Home library Current library Shelving location Date acquired Source of acquisition Full call number Accession Number Koha item type
    Reference Methodist University Library Main Methodist University Library Main General Stacks 16/09/2024 Donated by the entire Abbey Family HF5387 .Un1 8883 Books
    Reference Methodist University Library Tema Methodist University Library Tema General Stacks 16/09/2024 Donated by the entire Abbey Family HF5387 .Un1 8915 Books
Copyright © 2026  MUG Library